000 00801nam a2200229 a 4500
001 56122
003 BD-RjUL
005 20211209080345.0
008 161127s1964 ii ||||| |||| 00| 0 ben d
020 _c: IRs 6.00
035 _a(BD-RjUL)56246
040 _aBD-RjUL
_bben
_cBD-RjUL
041 _aben
082 _223
_a891.441
_bSEA 1964
100 _aসেনগুপ্ত, যতীন্দ্রনাথ
_9159009
245 1 0 _aঅনুপূর্বা /
_cযতীন্দ্রনাথ সেনগুপ্ত
260 _aকলিকাতা :
_bমিত্র ও ঘোষ,
_c১৯৬৪ [?]
300 _a২৮৪ পৃ. ;
_c২১ সেমি.
650 _aবাংলা কবিতা
_9167080
650 _aBengali Poetry
_9167081
942 _2ddc
_cBK
999 _c56122
_d56122